The Encyclopedia of common diseases / (Record no. 7271)
[ view plain ]
| 000 -LEADER | |
|---|---|
| fixed length control field | 00680cam a2200217 i 4500 |
| 001 - CONTROL NUMBER | |
| control field | 1273141 |
| 005 - DATE AND TIME OF LATEST TRANSACTION | |
| control field | 20250815110932.0 |
| 008 - FIXED-LENGTH DATA ELEMENTS--GENERAL INFORMATION | |
| fixed length control field | 751015s1976 pau 001 0 eng |
| 020 ## - INTERNATIONAL STANDARD BOOK NUMBER | |
| International Standard Book Number | 0878571132 : |
| Terms of availability | $14.95 |
| 020 ## - INTERNATIONAL STANDARD BOOK NUMBER | |
| International Standard Book Number | 9780878571130 |
| 050 00 - LIBRARY OF CONGRESS CALL NUMBER | |
| Classification number | RC81.A2 |
| Item number | N43 |
| 082 00 - DEWEY DECIMAL CLASSIFICATION NUMBER | |
| Classification number | 616/.003 |
| 245 04 - TITLE STATEMENT | |
| Title | The Encyclopedia of common diseases / |
| Statement of responsibility, etc. | by the staff of Prevention magazine ; compiled and prepared by Charles Gerras ... [et al.]. |
| 250 ## - EDITION STATEMENT | |
| Edition statement | Special deluxe ed. |
| 260 ## - PUBLICATION, DISTRIBUTION, ETC. | |
| Place of publication, distribution, etc. | [Emmaus, Pa.] : |
| Name of publisher, distributor, etc. | Rodale Press, |
| Date of publication, distribution, etc. | c1976. |
| 300 ## - PHYSICAL DESCRIPTION | |
| Extent | xvi, 1296 p. ; |
| Dimensions | 23 cm. |
| 500 ## - GENERAL NOTE | |
| General note | Includes index. |
| 650 #0 - SUBJECT ADDED ENTRY--TOPICAL TERM | |
| Topical term or geographic name entry element | Medicine, Popular. |
| 700 1# - ADDED ENTRY--PERSONAL NAME | |
| Personal name | Gerras, Charles. |
| 942 ## - ADDED ENTRY ELEMENTS (KOHA) | |
| Source of classification or shelving scheme | Library of Congress Classification |
| Koha item type | Reference |
| Suppress in OPAC | No |
| 999 ## - | |
| -- | 7271 |
| -- | 7271 |
| Withdrawn status | Lost status | Source of classification or shelving scheme | Damaged status | Not for loan | Collection | Home library | Current library | Shelving location | Date acquired | Total checkouts | Full call number | Barcode | Date last seen | Copy number | Price effective from | Koha item type |
|---|---|---|---|---|---|---|---|---|---|---|---|---|---|---|---|---|
| Library of Congress Classification | Reference | Undergraduate Library (Christ Temple) | Undergraduate Library (Christ Temple) | General stacks | 08/15/2025 | RC 81.A2 ENC | ulct00004327 | 08/15/2025 | 1 | 08/15/2025 | Reference |